01923nam a22001697a 4500999001900000008004100019100003700060245003200097260001300129300003400142520122900176650020801405773001301613906001101626942000701637952010901644 c526181d526181240515b ||||| |||| 00| 0 eng d aBhalla, Bhupinder Singh 952365 aEnergy transition in India  aYojana  a67(11), Nov, 2023: p.53-56  aIndia’s shift from conventional to renewable electricity generation represents a defining moment in its pursuit of sustainability. The nation’s commitment to cleaner energy sources is evident in its ambitious renewable energy targets, backed by progressive policies and incentives. The government’s unwavering approach has set the foundation for a greener energy landscape, fostering investment and technological advancements in the sector. This transition is crucial not only for reducing dependence on fossil fuels but also for mitigating environmental concerns. The emphasis on solar, wind, and hydroelectric power has accelerated India’s energy transformation, aligning with global sustainability goals. Moreover, the adoption of innovative policies has encouraged participation from both private and public sectors, ensuring long-term benefits for economic and environmental growth. However, challenges such as infrastructure development, efficient energy storage, and grid integration must be addressed to maintain momentum. Continued policy refinement and technological investment will be critical in overcoming these hurdles and solidifying India’s position as a leader in renewable energy. – Reproduced  aIndia, Renewable Energy, Transition, Sustainability, Sustainable Development, Government, Policies, Incentives, Solar, Wind, Hydroelectric, Investment, Technology, Infrastructure, Grid, Innovation952366 aYojana  aENERGY cAR 00102ddc40709401253aIIPAbIIPAd2024-05-15h67(11), Nov, 2023: p.53-56 pAR131929r2024-05-15yAR